Swifts and Kingfishers of North America - Statistics

General Stats
  • This quiz has been taken 4 times
  • The average score is 8 of 9
Answer Stats
Picture Answer % Correct
Belted Kingfisher
100%
Chimney Swift
100%
Elegant Trogon
100%
Green Kingfisher
100%
Ringed Kingfisher
100%
Vaux's Swift
100%
White-Throated Swift
100%
Black Swift
50%
Eared Quetzal
25%
No matching quizzes found
Score Distribution
Percent of People with Each Score
Percentile by Number Answered
Your Score History
You have not taken this quiz